[Event "European Senior Team Championship 2014"]
[Site "Sibenik"]
[Date "2014.04.03"]
[Round "3.69"]
[White "Fernengel, Rudolf"]
[Black "Vinke, Dietmar"]
[Result "0-1"]
[WhiteElo "1786"]
[BlackElo "2173"]
[PlyCount "144"]
[EventDate "2014.04.01"]

1. d4 Nf6 2. Nf3 g6 3. g3 Bg7 4. Bg2 O-O 5. O-O d6 6. Re1 Nbd7 7. c4 e5 8. dxe5
dxe5 9. Nc3 Re8 10. e4 c6 11. Qc2 Qe7 12. h3 h6 13. Be3 Nh7 14. Rad1 Nhf8 15.
a3 Ne6 16. Qd2 Kh7 17. Qd6 Qf6 18. Qd2 Nb6 19. Qe2 Ng5 20. Nxg5+ hxg5 21. c5
Nd7 22. Rd6 Qe7 23. Red1 Nf8 24. Qd2 Ne6 25. Ne2 f6 26. Qc2 Bf8 27. b4 Nc7 28.
Nc3 Qf7 29. Rd8 Be6 30. Rxa8 Rxa8 31. Qd2 Be7 32. Qc1 Rd8 33. Rxd8 Bxd8 34. Qd1
Qd7 35. Qxd7+ Bxd7 36. g4 Be6 37. Bf1 Kg7 38. f3 Kf8 39. Bd3 Bb3 40. Kf1 Ne6
41. Ne2 Nc7 42. Nc3 Ke8 43. Ke1 a5 44. Kd2 axb4 45. axb4 Be7 46. Kc1 Na6 47.
Bxa6 bxa6 48. Ne2 Bc4 49. Ng1 Kd7 50. Kb2 Bd8 51. Bd2 Ke6 52. Kc3 Bf1 53. Kc2
Kd7 54. Kb3 Kc8 55. Be1 Kb7 56. Ka4 Be7 57. Bf2 a5 58. bxa5 Ka6 59. h4 gxh4 60.
Bxh4 g5 61. Bf2 Bb5+ 62. Kb4 Bd8 63. Kb3 Bxa5 64. Be3 Bf1 65. Ka4 Be1 66. Kb3
Kb5 67. Kc2 Bb4 68. Kd1 Kc4 69. Ne2 Kd3 70. Ng3 Kxe3 71. Nxf1+ Kxf3 72. Nh2+
Kg2 0-1

[Event "European Senior Team Championship 2014"]
[Site "Sibenik"]
[Date "2014.04.03"]
[Round "3.70"]
[White "Mottonen, Ari"]
[Black "Baumgarten, Werner"]
[Result "1/2-1/2"]
[WhiteElo "1996"]
[BlackElo "1932"]
[PlyCount "109"]
[EventDate "2014.04.01"]

1. Nf3 c5 2. g3 Nc6 3. Bg2 e5 4. d3 d6 5. O-O Be7 6. c4 f5 7. Nc3 Nf6 8. Bg5
O-O 9. Rb1 h6 10. Bxf6 Bxf6 11. Nd5 a5 12. a3 Be6 13. Ne1 Rb8 14. b4 axb4 15.
axb4 Nxb4 16. Nxb4 cxb4 17. Rxb4 b6 18. Nc2 d5 19. cxd5 Bxd5 20. Bxd5+ Qxd5 21.
Ne3 Qe6 22. Qb3 Qxb3 23. Rxb3 f4 24. Nd5 fxg3 25. hxg3 Rb7 26. Rxb6 Rxb6 27.
Nxb6 Rd8 28. Kg2 Rd4 29. f3 g5 30. Nc4 Kg7 31. Nd2 g4 32. Ne4 gxf3+ 33. Kxf3
Bg5 34. Rb1 Bd8 35. Rb5 Bc7 36. Rb7 Rd7 37. Nc5 Rf7+ 38. Ke4 Kf6 39. Ra7 h5 40.
Na4 Kg5 41. Nc3 Kg4 42. Ra6 Kxg3 43. Nd5 h4 44. Rg6+ Kh2 45. Nxc7 Rxc7 46. Kxe5
Re7+ 47. Kd6 Rxe2 48. d4 Rg2 49. Rh6 h3 50. d5 Rg3 51. Ke7 Kg2 52. d6 h2 53.
Rxh2+ Kxh2 54. d7 Re3+ 55. Kf7 1/2-1/2

[Event "European Senior Team Championship 2014"]
[Site "Sibenik"]
[Date "2014.04.03"]
[Round "3.71"]
[White "Neudel, Bernd"]
[Black "Auvinen, Esa"]
[Result "1/2-1/2"]
[WhiteElo "1895"]
[BlackElo "1988"]
[PlyCount "39"]
[EventDate "2014.04.01"]

1. c4 Nf6 2. Nc3 e6 3. d4 d5 4. Nf3 Be7 5. e3 a6 6. a4 b6 7. Be2 O-O 8. O-O Bb7
9. cxd5 Nxd5 10. Ne5 Nd7 11. Nxd7 Qxd7 12. Bf3 Nxc3 13. bxc3 c5 14. Bxb7 Qxb7
15. Qb3 cxd4 16. exd4 Rab8 17. Rb1 Rfc8 18. Bf4 Ra8 19. Rfc1 Rc6 20. Bd2
1/2-1/2

[Event "European Senior Team Championship 2014"]
[Site "Sibenik"]
[Date "2014.04.04"]
[Round "4.1"]
[White "Dvoirys, Semen I"]
[Black "Kurajica, Bojan"]
[Result "1/2-1/2"]
[WhiteElo "2560"]
[BlackElo "2506"]
[PlyCount "168"]
[EventDate "2014.04.01"]

1. e4 c5 2. Nf3 Nc6 3. d4 cxd4 4. Nxd4 Qc7 5. Nc3 e6 6. Be3 a6 7. Bd3 Nf6 8.
O-O Nxd4 9. Bxd4 Bc5 10. Bxc5 Qxc5 11. Kh1 b5 12. f4 b4 13. Na4 Qc6 14. c4 Bb7
15. Re1 O-O 16. a3 bxa3 17. Rxa3 d6 18. b4 Nd7 19. Ra2 Qc7 20. Qh5 g6 21. Qh6
Rae8 22. Rae2 Qd8 23. Bb1 Bc6 24. Nb2 Qb6 25. Nd3 Qd4 26. Re3 Nf6 27. Nf2 Qb2
28. Qh4 Nh5 29. e5 dxe5 30. fxe5 f5 31. exf6 Rxf6 32. Be4 Rf4 33. Qxh5 Rxe4 34.
Qc5 Qxf2 35. Rxe4 Qxc5 36. bxc5 Bxe4 37. Rxe4 Kf7 38. Kg1 Rc8 39. Rd4 Ke7 40.
Rd6 a5 41. Ra6 Rxc5 42. Kf2 h5 43. Ke3 Rxc4 44. Rxa5 Kf6 45. Ra8 h4 46. Kf3 Kf5
47. Rf8+ Kg5 48. Re8 Rf4+ 49. Ke3 Rf6 50. Ra8 Kf5 51. Ra4 g5 52. g3 hxg3 53.
hxg3 Rf8 54. g4+ Kf6 55. Ke4 Rc8 56. Ra3 Rc4+ 57. Kf3 Rf4+ 58. Kg3 Rd4 59. Kf3
Ke5 60. Ra5+ Rd5 61. Ra3 Rc5 62. Re3+ Kf6 63. Ra3 Rc1 64. Rb3 Rc6 65. Ra3 Rc1
66. Rb3 Rf1+ 67. Kg3 Rf4 68. Rb8 Rd4 69. Rb3 Ke5 70. Kf3 Rd5 71. Re3+ Kd6 72.
Ra3 Rb5 73. Rd3+ Ke5 74. Re3+ Kd5 75. Rd3+ Kc4 76. Rd6 Re5 77. Rd8 Rd5 78. Re8
Rd3+ 79. Ke4 Rd4+ 80. Ke5 Rxg4 81. Rxe6 Kd3 82. Kf5 Rg1 83. Rg6 g4 84. Rxg4
Rxg4 1/2-1/2

[Event "European Senior Team Championship 2014"]
[Site "Sibenik"]
[Date "2014.04.04"]
[Round "4.1"]
[White "Dizdarevic, Emir"]
[Black "Gleizerov, Evgeny"]
[Result "1/2-1/2"]
[WhiteElo "2503"]
[BlackElo "2531"]
[PlyCount "30"]
[EventDate "2014.04.01"]

1. Nf3 e6 2. c4 f5 3. g3 Nf6 4. Bg2 Be7 5. O-O O-O 6. b3 b6 7. Bb2 Bb7 8. Nc3
d5 9. cxd5 exd5 10. e3 c5 11. Qc2 Ne4 12. Ne2 Na6 13. d3 Nf6 14. Rac1 Bd6 15.
Qb1 Qe7 1/2-1/2

[Event "European Senior Team Championship 2014"]
[Site "Sibenik"]
[Date "2014.04.04"]
[Round "4.1"]
[White "Gavrilov, Alexei"]
[Black "Vukic, Milan"]
[Result "1-0"]
[WhiteElo "2466"]
[BlackElo "2386"]
[PlyCount "81"]
[EventDate "2014.04.01"]

1. d4 Nf6 2. c4 d6 3. Nc3 Nbd7 4. e4 e5 5. Nf3 c6 6. Be2 Be7 7. O-O O-O 8. Be3
Re8 9. d5 c5 10. Rb1 Nf8 11. b4 b6 12. Ne1 Ng6 13. Nd3 Bd7 14. bxc5 bxc5 15.
Rb3 Qc7 16. Bd2 Reb8 17. Qc2 Bd8 18. Rfb1 Qc8 19. f3 Ne8 20. Bd1 Ne7 21. Nb5
Bb6 22. f4 exf4 23. Bxf4 Bxb5 24. Rxb5 Ng6 25. Bg3 f6 26. Bh5 Nc7 27. R5b3 Ne5
28. Nxe5 dxe5 29. Qe2 Ne8 30. Bxe8 Qxe8 31. Bf2 Qe7 32. Qg4 Rf8 33. a4 g6 34.
Rb5 Rfc8 35. a5 Bd8 36. Rb7 Rc7 37. Rb8 Rxb8 38. Rxb8 Kg7 39. h4 h5 40. Qh3 Qd6
41. a6 1-0

[Event "European Senior Team Championship 2014"]
[Site "Sibenik"]
[Date "2014.04.04"]
[Round "4.1"]
[White "Osmanovic, Kemal"]
[Black "Balashov, Yuri S"]
[Result "1/2-1/2"]
[WhiteElo "2292"]
[BlackElo "2446"]
[PlyCount "80"]
[EventDate "2014.04.01"]

1. d4 Nf6 2. Nf3 g6 3. Bf4 Bg7 4. e3 O-O 5. h3 c5 6. c3 b6 7. Nbd2 Bb7 8. Bd3
Nc6 9. O-O d6 10. Qe2 a6 11. Bh2 Qc7 12. e4 e5 13. dxe5 Nxe5 14. Bxe5 dxe5 15.
Rfd1 Nh5 16. g3 b5 17. c4 b4 18. Nf1 f5 19. N3d2 f4 20. Nf3 fxg3 21. fxg3 Rf6
22. Kg2 Raf8 23. N1h2 Bc8 24. Rf1 Rd6 25. Rad1 Nf6 26. Bc2 Rxd1 27. Rxd1 Qe7
28. Nf1 Bh6 29. Ne3 Qe6 30. Ng1 Bg5 31. Nd5 Ne8 32. Rf1 Rxf1 33. Qxf1 Ng7 34.
Qf2 Qd6 35. Bd1 h5 36. Nf3 Bd8 37. Qd2 Kh7 38. Ng5+ Kg8 39. Nf3 Kh7 40. Ng5+
Kg8 1/2-1/2

[Event "European Senior Team Championship 2014"]
[Site "Sibenik"]
[Date "2014.04.04"]
[Round "4.2"]
[White "Hulak, Krunoslav"]
[Black "Ftacnik, Lubomir"]
[Result "1/2-1/2"]
[WhiteElo "2475"]
[BlackElo "2563"]
[PlyCount "35"]
[EventDate "2014.04.01"]

1. c4 Nf6 2. Nc3 c5 3. g3 e6 4. Nf3 b6 5. Bg2 Bb7 6. O-O Be7 7. Re1 Ne4 8. Nxe4
Bxe4 9. d3 Bb7 10. d4 cxd4 11. Nxd4 Bxg2 12. Kxg2 O-O 13. e4 Nc6 14. Be3 Qc8
15. Rc1 Qb7 16. Kg1 Rad8 17. Qe2 Bf6 18. Red1 1/2-1/2

[Event "European Senior Team Championship 2014"]
[Site "Sibenik"]
[Date "2014.04.04"]
[Round "4.2"]
[White "Stohl, Igor"]
[Black "Cebalo, Miso"]
[Result "1-0"]
[WhiteElo "2516"]
[BlackElo "2418"]
[PlyCount "91"]
[EventDate "2014.04.01"]

1. Nf3 c5 2. c4 g6 3. e4 Nc6 4. d4 cxd4 5. Nxd4 Nf6 6. Nc3 Nxd4 7. Qxd4 d6 8.
Be2 Bg7 9. Be3 O-O 10. Qd2 a5 11. Rd1 a4 12. c5 Qa5 13. cxd6 exd6 14. O-O a3
15. Bd4 Be6 16. bxa3 Qxa3 17. Rb1 Qa5 18. Rfd1 Rfc8 19. Rb5 Qc7 20. Qb2 Ne8 21.
Rxb7 Qa5 22. Bxg7 Nxg7 23. Rb4 Qa3 24. Nb5 Qxa2 25. Nxd6 Rd8 26. e5 Qxb2 27.
Rxb2 Nf5 28. h3 Ra5 29. Rb5 Rxb5 30. Bxb5 Kf8 31. g4 Nxd6 32. exd6 g5 33. f4
gxf4 34. Kf2 Rb8 35. Ba4 Ra8 36. Rd4 Rd8 37. Kf3 h5 38. gxh5 Bxh3 39. h6 Kg8
40. Bc2 Rc8 41. Bd3 Bd7 42. Kxf4 Rc5 43. Rb4 f6 44. Rb8+ Rc8 45. Rxc8+ Bxc8 46.
Bf5 1-0

[Event "European Senior Team Championship 2014"]
[Site "Sibenik"]
[Date "2014.04.04"]
[Round "4.2"]
[White "Rogulj, Branko"]
[Black "Plachetka, Jan"]
[Result "1-0"]
[WhiteElo "2421"]
[BlackElo "2360"]
[PlyCount "121"]
[EventDate "2014.04.01"]

1. e4 e5 2. Nf3 Nc6 3. Bb5 a6 4. Ba4 Nf6 5. O-O Be7 6. Re1 b5 7. Bb3 O-O 8. a4
Bb7 9. d3 d6 10. Bd2 b4 11. a5 Rb8 12. h3 d5 13. Bg5 dxe4 14. dxe4 Qxd1 15.
Rxd1 Rbd8 16. Nbd2 Nd4 17. Nxd4 Rxd4 18. Be3 Rdd8 19. f3 Bc6 20. Bc4 Ra8 21.
Nb3 Nd7 22. Bd5 Bxd5 23. Rxd5 Bd6 24. Rad1 Rfb8 25. Kf1 Kf8 26. Ke2 h6 27. g4
Ke7 28. h4 Nf6 29. R5d3 Rb5 30. Ra1 Rh8 31. Nd2 Bc5 32. Nc4 Ke6 33. Rad1 Rhb8
34. b3 Bxe3 35. Kxe3 Rc5 36. g5 hxg5 37. hxg5 Ne8 38. Rd5 Rxd5 39. exd5+ Kf5
40. d6 cxd6 41. Nxd6+ Ke6 42. Nc4 Rc8 43. f4 exf4+ 44. Kxf4 f6 45. g6 Rc6 46.
Re1+ Kd7 47. Nb6+ Kd8 48. Rd1+ Nd6 49. Rd4 Ke8 50. Nd5 Nb7 51. Re4+ Kd8 52.
Rxb4 Nxa5 53. Rb8+ Kd7 54. c4 Ke6 55. Ne3 Rc7 56. Nf5 Nxb3 57. Rb6+ Kd7 58.
Rxb3 Rxc4+ 59. Kf3 Rc5 60. Ke4 Rc4+ 61. Kd5 1-0

[Event "European Senior Team Championship 2014"]
[Site "Sibenik"]
[Date "2014.04.04"]
[Round "4.2"]
[White "Petran, Peter"]
[Black "Sale, Srdjan"]
[Result "1/2-1/2"]
[WhiteElo "2316"]
[BlackElo "2402"]
[PlyCount "123"]
[EventDate "2014.04.01"]

1. g3 Nf6 2. Bg2 d5 3. Nf3 e6 4. O-O Be7 5. d3 c5 6. Nbd2 Nc6 7. e4 b6 8. Re1
Bb7 9. c3 Qc7 10. a3 O-O 11. e5 Nd7 12. d4 a5 13. Nf1 Ba6 14. h4 b5 15. N1h2 b4
16. Bg5 bxc3 17. bxc3 Rab8 18. Bh3 Rfe8 19. Bxe7 Nxe7 20. Ng5 h6 21. Ngf3 Rb2
22. Ng4 Reb8 23. Ne3 R8b3 24. Qc1 Bd3 25. Bf1 Bg6 26. a4 c4 27. Nd2 Rb7 28. Bh3
Nf8 29. f4 Bd3 30. h5 Qd8 31. Kh2 Qb8 32. Kh1 Qe8 33. Kg1 Kh8 34. Kh2 Nh7 35.
Kg1 Qg8 36. Kh2 Nf8 37. Rg1 Qh7 38. Rg2 Nf5 39. Bxf5 Bxf5 40. g4 Bd3 41. Rf2 f5
42. exf6 gxf6 43. Nd1 Rc2 44. Qa3 Qe7 45. Qxe7 Rxe7 46. Nf3 Re2 47. Kg3 Rb7 48.
Rxe2 Bxe2 49. Ne3 Rb3 50. Rc1 Bxf3 51. Kxf3 Nd7 52. f5 e5 53. dxe5 Nxe5+ 54.
Ke2 Rb2+ 55. Kf1 Kg7 56. Nxd5 Nxg4 57. Kg1 Ne5 58. Nf4 Kf7 59. Rd1 Nf3+ 60. Kf1
Nh2+ 61. Kg1 Nf3+ 62. Kf1 1/2-1/2

[Event "European Senior Team Championship 2014"]
[Site "Sibenik"]
[Date "2014.04.04"]
[Round "4.4"]
[White "Woeber, Friedrich"]
[Black "Pushkov, Nikolai"]
[Result "1/2-1/2"]
[WhiteElo "2178"]
[BlackElo "2345"]
[PlyCount "78"]
[EventDate "2014.04.01"]

1. e4 e6 2. d4 d5 3. Nd2 Nf6 4. e5 Nfd7 5. f4 c5 6. Ngf3 cxd4 7. Nb3 Nc6 8.
Nbxd4 Be7 9. c3 Nc5 10. Be3 O-O 11. Be2 Bd7 12. O-O a6 13. Qe1 Ne4 14. Nd2 Nxd2
15. Qxd2 Qc7 16. Rae1 Rac8 17. Bd3 Nxd4 18. Bxd4 Bc5 19. Bb1 Qb6 20. Bxc5 Qxc5+
21. Rf2 f5 22. Qe3 Qxe3 23. Rxe3 b5 24. Rd2 b4 25. Kf2 bxc3 26. Rxc3 Rxc3 27.
bxc3 Rc8 28. Bd3 a5 29. Ke3 Rxc3 30. Kd4 Rc7 31. Rc2 Rxc2 32. Bxc2 a4 33. a3
Kf7 34. Kc5 Ke7 35. Kb4 Kd8 36. Kc5 Kc7 37. Bd1 Be8 38. h4 h5 39. Bc2 g6
1/2-1/2

[Event "European Senior Team Championship 2014"]
[Site "Sibenik"]
[Date "2014.04.04"]
[Round "4.4"]
[White "Mishuchkov, Nikolai M"]
[Black "Ernst, Michael"]
[Result "1-0"]
[WhiteElo "2312"]
[BlackElo "2170"]
[PlyCount "105"]
[EventDate "2014.04.01"]

1. d4 Nf6 2. Nf3 d5 3. c4 e6 4. Nc3 Bb4 5. Bg5 h6 6. Bxf6 Qxf6 7. e3 O-O 8. Rc1
c5 9. cxd5 cxd4 10. Qxd4 Qe7 11. Be2 exd5 12. O-O Bxc3 13. Qxc3 Nc6 14. Qc5
Qxc5 15. Rxc5 Be6 16. Bb5 Rac8 17. Bxc6 Rxc6 18. Rxc6 bxc6 19. Rc1 Rb8 20. b3
Rb6 21. Nd4 Bd7 22. Rc5 Ra6 23. a4 Rb6 24. a5 Rb8 25. Nxc6 Rxb3 26. h3 Rb1+ 27.
Kh2 Bxc6 28. Rxc6 Rb5 29. Ra6 Rb7 30. Kg3 Rd7 31. Kf3 Kf8 32. Ke2 Rb7 33. Kd3
Rb2 34. Rxa7 Rxf2 35. a6 Ra2 36. Kd4 g6 37. g4 Ra5 38. Kc3 Ra3+ 39. Kb4 Ra1 40.
Kb5 Rb1+ 41. Kc6 Rb3 42. Rd7 Ra3 43. a7 Kg7 44. Kb7 Rb3+ 45. Kc8 Rc3+ 46. Kb8
Rb3+ 47. Rb7 Rxe3 48. Rb6 f5 49. gxf5 gxf5 50. a8=Q Re8+ 51. Kb7 Rxa8 52. Kxa8
d4 53. Rd6 1-0

[Event "European Senior Team Championship 2014"]
[Site "Sibenik"]
[Date "2014.04.04"]
[Round "4.4"]
[White "Winiwarter, Felix"]
[Black "Chernikov, Oleg L"]
[Result "0-1"]
[WhiteElo "2136"]
[BlackElo "2372"]
[PlyCount "150"]
[EventDate "2014.04.01"]

1. e4 c5 2. Nf3 Nc6 3. d4 cxd4 4. Nxd4 Nf6 5. Nc3 Rb8 6. Be2 g6 7. O-O Bg7 8.
Be3 O-O 9. Qd2 d5 10. exd5 Nxd5 11. Nxd5 Nxd4 12. Bxd4 Qxd5 13. c3 Bxd4 14.
cxd4 Rd8 15. Qf4 Bf5 16. Rfd1 Qe4 17. Qxe4 Bxe4 18. f3 Bf5 19. Rac1 Rbc8 20.
Rc3 Be6 21. a3 Rxc3 22. bxc3 Rc8 23. d5 Bd7 24. c4 Rc5 25. Kf2 e5 26. Ke3 Kf8
27. f4 exf4+ 28. Kxf4 Ke7 29. Ke5 f6+ 30. Kd4 Kd6 31. Rf1 f5 32. g4 b5 33. gxf5
Bxf5 34. Rf3 bxc4 35. Bxc4 Rc8 36. Re3 Rf8 37. Rf3 Re8 38. Re3 Rxe3 39. Kxe3
Ke5 40. h4 Bc2 41. Ba2 a5 42. Bc4 h6 43. Ba2 g5 44. hxg5 hxg5 45. Bc4 Be4 46.
d6 Bc6 47. Be2 Kxd6 48. Kd4 Bb7 49. Bg4 Kc6 50. Kc4 Kb6 51. Bd7 Ba6+ 52. Kd4
Bb5 53. Bg4 Bc6 54. Kc4 Be8 55. Kd4 Kb5 56. Kc3 Kc5 57. Bf3 Bc6 58. Bg4 Kd5 59.
Bf3+ Kd6 60. Bg4 Ke5 61. Bh3 Bd5 62. Bg4 Kf4 63. Bh3 Be4 64. Kd4 Bf5 65. Bf1 g4
66. Bg2 g3 67. Bc6 Bg4 68. Bg2 Bf3 69. Bf1 Bb7 70. Bh3 Kf3 71. Ke5 Kf2 72. Kf4
Bc8 73. Bf1 Kxf1 74. Kxg3 Ke2 75. Kf4 Kd3 0-1

[Event "European Senior Team Championship 2014"]
[Site "Sibenik"]
[Date "2014.04.04"]
[Round "4.4"]
[White "Kremenietsky, Anatoly M"]
[Black "Danner, Lambert"]
[Result "1-0"]
[WhiteElo "2332"]
[BlackElo "2101"]
[PlyCount "99"]
[EventDate "2014.04.01"]

1. e4 Nf6 2. e5 Nd5 3. d4 d6 4. Nf3 Bg4 5. Be2 c6 6. Ng5 Bf5 7. Bd3 Bxd3 8.
Qxd3 dxe5 9. dxe5 e6 10. O-O h6 11. Ne4 Nd7 12. Qg3 Qa5 13. Nbd2 Nc5 14. Nd6+
Bxd6 15. Qxg7 O-O-O 16. Nc4 Qa6 17. Nxd6+ Kb8 18. Qg4 Rdg8 19. Qc4 Qxc4 20.
Nxc4 h5 21. Re1 Kc7 22. Bd2 Rg4 23. Ne3 Rd4 24. Nxd5+ Rxd5 25. Bb4 Na4 26. Bd6+
Kc8 27. b3 Nb6 28. c4 Rd2 29. Bb4 Rc2 30. Rec1 Rxc1+ 31. Rxc1 Rd8 32. Bd6 Rg8
33. g3 Nd7 34. Re1 Kd8 35. Kg2 Ke8 36. h3 Nb6 37. Rd1 Nd7 38. Re1 Nb6 39. Re4
Nd7 40. Rh4 Rh8 41. g4 f6 42. f4 fxe5 43. fxe5 Kf7 44. Rxh5 Rxh5 45. gxh5 Kg7
46. Kg3 Kh6 47. Kh4 Kg7 48. Kg5 a6 49. c5 b5 50. b4 1-0

[Event "European Senior Team Championship 2014"]
[Site "Sibenik"]
[Date "2014.04.04"]
[Round "4.5"]
[White "Fauland, Alexander"]
[Black "Siegmund, Rainer"]
[Result "1-0"]
[WhiteElo "2417"]
[BlackElo "2148"]
[PlyCount "77"]
[EventDate "2014.04.01"]

1. Nf3 c5 2. g3 Nc6 3. Bg2 g6 4. O-O Bg7 5. d3 d6 6. a3 Rb8 7. c3 Nf6 8. b4 b6
9. b5 Ne5 10. Nxe5 dxe5 11. c4 Bb7 12. Bb2 Bxg2 13. Kxg2 Qc7 14. Nd2 O-O 15. a4
Rfd8 16. Ra3 Nd7 17. Qa1 Bh6 18. Nf3 Bg7 19. a5 f6 20. Qa2 Nf8 21. Ra1 Ne6 22.
axb6 axb6 23. Ra7 Rb7 24. Rxb7 Qxb7 25. Qa7 Rd7 26. Qxb7 Rxb7 27. Nd2 Nc7 28.
Ne4 Kf7 29. Nc3 e6 30. Ne4 Ke7 31. f4 exf4 32. gxf4 e5 33. fxe5 fxe5 34. h4 h6
35. Kf3 Bf6 36. Nxf6 Kxf6 37. Ke4 Ke6 38. Rg1 Kf7 39. Bxe5 1-0

[Event "European Senior Team Championship 2014"]
[Site "Sibenik"]
[Date "2014.04.04"]
[Round "4.5"]
[White "Fleuch, Hans-Juergen"]
[Black "Wallner, Joachim"]
[Result "0-1"]
[WhiteElo "2064"]
[BlackElo "2361"]
[PlyCount "106"]
[EventDate "2014.04.01"]

1. e4 c5 2. Nc3 a6 3. a4 b6 4. f4 e6 5. Nf3 d6 6. Be2 Bb7 7. O-O Nf6 8. d3 Be7
9. Qe1 Nc6 10. h3 Nb4 11. Bd1 O-O 12. Ne2 a5 13. Bd2 Nd7 14. Qg3 d5 15. e5 d4
16. f5 exf5 17. Bh6 g6 18. Bxf8 Nxf8 19. Nf4 Ne6 20. Nxe6 fxe6 21. Ne1 Bh4 22.
Qf4 Bg5 23. Qg3 Be3+ 24. Kh1 Qe7 25. Bf3 Rf8 26. Bxb7 Qxb7 27. c3 Nd5 28. Nc2
f4 29. Qf3 Qc7 30. Nxe3 Nxe3 31. Qe4 g5 32. cxd4 Nf5 33. Kh2 Ng3 34. Qf3 Nxf1+
35. Rxf1 cxd4 36. Qe4 Rf5 37. Re1 Qc5 38. Re2 Kf7 39. Qb7+ Kg6 40. Qb8 Rf8 41.
Qb7 h5 42. Qd7 Qd5 43. Qxd5 exd5 44. Rc2 Kf5 45. Rc6 Kxe5 46. Rxb6 f3 47. gxf3
Rxf3 48. Kg2 Rxd3 49. Rg6 g4 50. hxg4 hxg4 51. Rxg4 Rb3 52. Rg5+ Ke4 53. Rg4+
Kd3 0-1

[Event "European Senior Team Championship 2014"]
[Site "Sibenik"]
[Date "2014.04.04"]
[Round "4.5"]
[White "Thoma, Robert"]
[Black "Franke, Roland"]
[Result "1/2-1/2"]
[WhiteElo "2342"]
[BlackElo "2012"]
[PlyCount "51"]
[EventDate "2014.04.01"]

1. c4 g6 2. Nc3 Bg7 3. g3 c5 4. Bg2 Nc6 5. a3 Nf6 6. Rb1 O-O 7. b4 cxb4 8. axb4
d6 9. Nf3 d5 10. b5 Nb8 11. cxd5 Nxd5 12. Nxd5 Qxd5 13. O-O Qh5 14. Ba3 Re8 15.
Qc2 e5 16. d3 Nd7 17. Nd2 Nf8 18. Bxf8 Bxf8 19. Ne4 Be7 20. Qc7 Qxe2 21. Qxe5
Bg4 22. Nf6+ Bxf6 23. Qxf6 Qe7 24. Qf4 Bf5 25. Rfd1 Rad8 26. Qc4 1/2-1/2

[Event "European Senior Team Championship 2014"]
[Site "Sibenik"]
[Date "2014.04.04"]
[Round "4.5"]
[White "Hollstein, Joachim"]
[Black "Danner, Georg"]
[Result "0-1"]
[WhiteElo "2087"]
[BlackElo "2336"]
[PlyCount "98"]
[EventDate "2014.04.01"]

1. d4 Nf6 2. Nf3 e6 3. e3 c5 4. Nbd2 b6 5. Bd3 Be7 6. O-O O-O 7. b3 Bb7 8. Bb2
Nc6 9. c4 cxd4 10. Nxd4 Nxd4 11. Bxd4 Rc8 12. Qe2 Rc7 13. Bb2 d5 14. Rfd1 Qa8
15. f3 Rd8 16. e4 dxe4 17. Nxe4 Nxe4 18. Bxe4 Bxe4 19. Qxe4 Qxe4 20. Rxd8+ Bxd8
21. fxe4 Rd7 22. Bc3 Bg5 23. Kf2 Rd3 24. Be1 h5 25. Rb1 Kf8 26. Bb4+ Ke8 27.
Re1 a5 28. Ba3 a4 29. Bc1 Bxc1 30. Rxc1 Rd2+ 31. Kf3 a3 32. c5 bxc5 33. Rxc5
Rxa2 34. Ra5 h4 35. b4 h3 36. gxh3 Rxh2 37. Kg3 Ra2 38. e5 g6 39. b5 Kf8 40. b6
Kg7 41. b7 Rb2 42. Rxa3 Rxb7 43. Ra4 Rb1 44. Ra5 Rf1 45. Ra2 Rf5 46. Re2 Kf8
47. Kg4 Ke7 48. Re4 Kd7 49. Rf4 Kc6 0-1

[Event "European Senior Team Championship 2014"]
[Site "Sibenik"]
[Date "2014.04.04"]
[Round "4.6"]
[White "Wademark, Helge"]
[Black "Karlsson, Lars"]
[Result "1/2-1/2"]
[WhiteElo "2124"]
[BlackElo "2408"]
[PlyCount "76"]
[EventDate "2014.04.01"]

1. e4 e6 2. d4 d5 3. Nd2 a6 4. e5 c5 5. c3 Nc6 6. Ndf3 Qb6 7. Ne2 f6 8. exf6
Nxf6 9. Qb3 Qxb3 10. axb3 Bd7 11. Bf4 Rc8 12. g3 Be7 13. Bg2 O-O 14. O-O Ne4
15. Be3 cxd4 16. Nexd4 Nxd4 17. Nxd4 e5 18. Nf3 Bd6 19. Nd2 Nf6 20. b4 Bc6 21.
Nb3 Bc7 22. Rfd1 Rcd8 23. Na5 Bxa5 24. Rxa5 h6 25. Bb6 Ra8 26. Bc5 Rfe8 27. Bh3
Kf7 28. Raa1 Ne4 29. Bb6 Ng5 30. Bg2 e4 31. h4 Nh7 32. Re1 Nf6 33. Bd4 Re6 34.
Bh3 Re7 35. Bc5 Ree8 36. Bd4 Re7 37. Bc5 Ree8 38. Bd4 Re7 1/2-1/2

[Event "European Senior Team Championship 2014"]
[Site "Sibenik"]
[Date "2014.04.04"]
[Round "4.6"]
[White "Wahlbom, Magnus"]
[Black "Hallerod, Ralph"]
[Result "0-1"]
[WhiteElo "2291"]
[BlackElo "2086"]
[PlyCount "82"]
[EventDate "2014.04.01"]

1. e4 e5 2. Nf3 Nc6 3. Bb5 Nd4 4. Nxd4 exd4 5. O-O c6 6. Bc4 Nf6 7. Re1 d6 8.
h3 Be7 9. d3 O-O 10. Bb3 Be6 11. Nd2 Nd7 12. c3 c5 13. Nf3 Bf6 14. cxd4 cxd4
15. Bd2 Nc5 16. Bc2 Nd7 17. b4 g5 18. Nh2 Ne5 19. Qh5 Kh8 20. Rec1 Rg8 21. Ng4
Bxg4 22. hxg4 Rg6 23. Qh3 Kg7 24. Kf1 Qd7 25. f3 h5 26. gxh5 Qxh3 27. gxh3 Rh6
28. Kg2 Rxh5 29. Rh1 Ng6 30. Bb3 Rc8 31. Rac1 Rhh8 32. Bd5 b6 33. Bb7 Rc3 34.
Rxc3 dxc3 35. Be3 Be5 36. Kf2 Nf4 37. d4 Rxh3 38. Rg1 Rh2+ 39. Kf1 Nh3 40. Rg2
Rxg2 41. Kxg2 Bf4 0-1

[Event "European Senior Team Championship 2014"]
[Site "Sibenik"]
[Date "2014.04.04"]
[Round "4.6"]
[White "Gromark, Per-Olof"]
[Black "Bergstrom, Rolf"]
[Result "0-1"]
[WhiteElo "2046"]
[BlackElo "2285"]
[PlyCount "86"]
[EventDate "2014.04.01"]

1. Nf3 d6 2. d4 Nf6 3. Nc3 Nbd7 4. e4 e5 5. g3 Be7 6. Bg2 O-O 7. O-O c6 8. a4
b6 9. Re1 a6 10. h3 Re8 11. Be3 Bb7 12. Nd2 b5 13. d5 cxd5 14. Nxd5 Nxd5 15.
exd5 Nb6 16. axb5 axb5 17. Rxa8 Bxa8 18. Nf1 Na4 19. Qe2 Qd7 20. c3 Rb8 21. Rc1
Qc7 22. b4 Nb6 23. Bxb6 Qxb6 24. Nd2 Bg5 25. Ra1 Bb7 26. Ra5 Bc8 27. Ne4 Bd8
28. Qa2 f5 29. Nd2 Qc7 30. Qa1 e4 31. Nb3 Bf6 32. Nd4 Bxd4 33. cxd4 Bd7 34. Bf1
Kf7 35. Be2 Rb7 36. Kg2 Ke7 37. h4 Qc2 38. Qf1 Qd2 39. Bxb5 Qxb4 40. Bc6 Qxa5
41. Bxb7 Qb6 42. Qa6 Qb2 43. Kf1 Bb5+ 0-1

[Event "European Senior Team Championship 2014"]
[Site "Sibenik"]
[Date "2014.04.04"]
[Round "4.6"]
[White "Hammar, Bengt"]
[Black "Ekelund, Kurt"]
[Result "1-0"]
[WhiteElo "2232"]
[BlackElo "2040"]
[PlyCount "57"]
[EventDate "2014.04.01"]

1. d4 Nf6 2. Nf3 g6 3. c4 Bg7 4. Nc3 d6 5. e4 O-O 6. Be2 e5 7. O-O Nc6 8. d5
Ne7 9. b4 Nd7 10. a4 a5 11. bxa5 Nc5 12. Nd2 f5 13. f3 f4 14. Nb3 Nxb3 15. Qxb3
Rxa5 16. Ba3 b6 17. Bb4 Ra8 18. a5 bxa5 19. Bxa5 Ba6 20. Nb5 Bxb5 21. cxb5 Qb8
22. Qc3 Ra7 23. Rfc1 Rc8 24. Bf1 Qb7 25. Bb4 Qb6+ 26. Kh1 Rca8 27. Ra6 Qf2 28.
Qd2 Qxd2 29. Bxd2 1-0

[Event "European Senior Team Championship 2014"]
[Site "Sibenik"]
[Date "2014.04.04"]
[Round "4.7"]
[White "Bennett, Patrick"]
[Black "Malmdin, Nils-Ake"]
[Result "1/2-1/2"]
[WhiteElo "2021"]
[BlackElo "2175"]
[PlyCount "85"]
[EventDate "2014.04.01"]

1. c4 g6 2. g3 c5 3. Bg2 Bg7 4. Nf3 Nc6 5. Nc3 d6 6. O-O Bf5 7. e4 Bg4 8. h3
Bxf3 9. Qxf3 Nf6 10. d3 a6 11. Bd2 Rb8 12. a4 Nd7 13. Qd1 O-O 14. f4 Nd4 15.
Rb1 e6 16. Kh2 b5 17. axb5 axb5 18. cxb5 Nxb5 19. Nxb5 Rxb5 20. Bc3 Qb6 21. f5
Bxc3 22. bxc3 Rxb1 23. Qxb1 Qxb1 24. Rxb1 Rb8 25. Rxb8+ Nxb8 26. fxe6 fxe6 27.
Kg1 Kf7 28. Kf2 Kf6 29. Ke3 Nc6 30. d4 cxd4+ 31. cxd4 e5 32. dxe5+ Kxe5 33. Bf1
g5 34. h4 gxh4 35. gxh4 Ne7 36. Bc4 h6 37. Bf7 Nc6 38. Be8 Nd8 39. Bd7 Nb7 40.
Bc6 Nc5 41. Bd5 Nd7 42. Bc6 Nf6 43. Kf3 1/2-1/2